Science Quiz

Random Science or Anatomy Quiz
Score 0/25 Timer 08:00
22 Plays Today
Question Answer Wrong Answers
What is the scientific name of the kneecap? patella
91.7%
pisiform
1.1%
parietal
1.6%
pubis
1%
Hair is primarily made up of what? keratin
89.1%
calcium
2.4%
cartilage
1.6%
elastin
2.3%
Hormones are chemicals of which system of the body? endocrine
87.6%
excretory
3.3%
cardiovascular
0.9%
nervous
3.7%
The shoulder and hip joints are of this type. ball-and-socket
87.5%
pivot
5.1%
saddle
1.7%
gliding
1.2%
Which of these organs removes soluble wastes from the body? kidneys
85.8%
lungs
1%
spleen
4.1%
pancreas
4.5%
Which of these is not a gland? parietal
84.2%
thyroid
5%
pituitary
2.2%
adrenal
4.1%
Where would you find your islets of Langerhans, responsible for activating insulin production? pancreas
78.5%
kidney
6%
liver
7.4%
gallbladder
3.4%
A tumor on top of the head would be on which surface? superior
77.3%
inferior
3%
medial
8.9%
lateral
6.2%
What separates the thoracic and abdominal cavities? diaphragm
76.4%
pelvis
3.7%
rib cage
9.1%
peritoneum
6.2%
The skin belongs to which bodily system? integumentary
75.5%
nervous
9.1%
circulatory
4.3%
muscular
6.5%
A fluid-filled joint cavity is a ____ joint. synovial
75.4%
fibrous
5.4%
cartilaginous
12.1%
suture
2.5%
Structures called ____ are located inside a cell and have specific functions. organelles
71.9%
macromolecules
4.1%
nucleotides
17.1%
organs
2.2%
Which of these is not a category of spinal bones? iliac
71.1%
cervical
11.7%
thoracic
9.6%
lumbar
3.1%
Which of these does not belong to the respiratory system? esophagus
67.6%
bronchi
4.5%
trachea
4.4%
larynx
19%
The movement of the sole of the foot outward or laterally is called what? eversion
65%
inversion
15%
retraction
7%
elevation
8.2%
What membranes surround the lungs? pleural
64.8%
pericardial
14.8%
mediastinal
4.1%
peritoneal
11.6%
Which of these is not a cavity? frontal
64%
oral
4.1%
nasal
0.9%
middle ear
26.5%
Which organ destroys older red blood cells and produces certain white blood cells? spleen
59.7%
liver
19.7%
pancreas
11.4%
gallbladder
4.7%
Which of these belongs to the appendicular portion of the body (as opposed to axial)? arm
59.6%
head
6.7%
neck
5.4%
trunk
23.4%
Which of these is not a layer of human skin? exodermis
57%
dermis
2.5%
subcutis
33.6%
epidermis
2.4%
Which of these muscles do you employ when chewing? temporalis
55.9%
trapezius
11.6%
sartorius
17.7%
soleus
10.2%
Which of these words refers to the front or belly side of one's anatomy? ventral
52.4%
dorsal
13.8%
vertebral
1.5%
abdominopelvic
27.7%
An opening or anatomical hole in the body allowing structures to pass through is known as a ____. foramen
51.2%
fontanelle
16%
frenulum
17.2%
fundus
10.9%
Which of these systems moves fluids, wastes and bones? muscular
42.4%
skeletal
12.8%
integumentary
35.5%
nervous
4.9%
Which of these adjectives refers to the chin? mental
28%
crural
21.4%
costal
11.1%
buccal
35%
Remove Ads.
Support Sporcle.
Get the best of Sporcle when you Go Orange. This ad-free experience offers more features, more stats, and more fun while also helping to support Sporcle. Thank you for becoming a member.

You're not logged in!

Compare scores with friends on all Sporcle quizzes.
OR
Log In

Show Comments

Extras

Top Quizzes Today


Score Distribution

Your Account Isn't Verified!

In order to create a playlist on Sporcle, you need to verify the email address you used during registration. Go to your Sporcle Settings to finish the process.

Report this User

Report this user for behavior that violates our Community Guidelines.

Details: